ბათუმის შოთა რუსთაველის სახელმწიფო უნივერსიტეტის ბიბლიოთეკა

კატო მიქელაძე : (ბიბ.ჩანაწერი № 55583)

000 -ლიდერი
ფიქსირებული სიგრძის საკონტროლო ველი 02431nam a2200385Ia 4500
001 - საკონტროლო ნომერი
საკონტროლო ველი 22665
003 - საკონტროლო ნომრის იდენტიფიკატორი
საკონტროლო ველი GE_BSU
005 - ბოლო ოპერაციის თარიღი და დრო
საკონტროლო ველი 20230411103716.0
008 - ფიქსირებული სიგრძის მონაცემთა ელემენტები - ზოგადი ინფორმაცია
ფიქსირებული სიგრძის საკონტროლო ველი 181216s2017||||ge |||||||||||||| ||geo||
020 ## - წიგნის საერთაშორისო სტანდარტული ნომერი
International Standard Book Number 9789941097942
040 ## - კატალოგიზაციის წყარო
Transcribing agency GE_BSU
041 ## - ენის კოდი
Language code of text/sound track or separate title geo
080 ## - უნივერსალური ათობითი კლასიფიკაციის ინდექსი
Universal Decimal Classification number 141.72(479.22)+342.726+396(479.22) მ-53
100 ## - მთავარი ჩანაწერი - პიროვნების სახელი
Personal name მელაშვილი, თამთა
9 (RLIN) 17602
245 ## - ცნობა სათაურის შესახებ
Title კატო მიქელაძე :
Remainder of title ქართული ფემინიზმის უცნობი ისტორიები /
Statement of responsibility, etc თამთა მელაშვილი ; რედაქტორი ნინო ბექიშვილი ; გარეკანის დიზაინი მაგდა ცოცხალაშვილი.
250 ## - გამოცემის ცნობა
Edition statement მე-2 გამოცემა
264 ## - წარმოების, გამოცემის, დისტრიბუციის და სხვა ცნობები
გამოცემის, წარმოების, დისტრიბუციის... ადგილი თბილისი :
გამოცემის, წარმოების, დისტრიბუციის... სახელწოდება ჰაინრიჰ ბიოლის ფონდის სამხრეთ კავკასიის რეგიონული ბიურო (შპს სეზანი),
გამოცემის, წარმოების, დისტრიბუციის... თარიღი 2017.
300 ## - ფიზიკური აღწერა
Extent 296 გვ. :
Other physical details ფოტ. ;
Dimensions 23 სმ.
500 ## - ზოგადი შენიშვნა
General note გარეკანზე და თავფურცელზე ავტორი აღნიშნული არ არის
501 ## - შენიშვნა თანმხლებ მასალაზე
With note განმარტებები : გვ. 286-289
504 ## - BIBLIOGRAPHY, ETC. NOTE
Bibliography, etc ბიბლიოგრ. ტექსტის შენიშვნებში
520 ## - SUMMARY, ETC.
Summary, etc გარეკანზე და თავფურცელზე ავტორი აღნიშნული არ არის.
653 ## - INDEX TERM--UNCONTROLLED
Uncontrolled term კატო მიქელაძე
653 ## - INDEX TERM--UNCONTROLLED
Uncontrolled term ქართული ფემინიზმის უცნობი ისტორიები
653 ## - INDEX TERM--UNCONTROLLED
Uncontrolled term ფემინიზმი საქართველოში
653 ## - INDEX TERM--UNCONTROLLED
Uncontrolled term ქალთა უფლებების დაცვა საქართველოში
653 ## - INDEX TERM--UNCONTROLLED
Uncontrolled term ქალთა საკითხი საქართველოში
653 ## - INDEX TERM--UNCONTROLLED
Uncontrolled term ფილოსოფიური სისტემები
653 ## - INDEX TERM--UNCONTROLLED
Uncontrolled term ქალთა მოძრაობა
653 ## - INDEX TERM--UNCONTROLLED
Uncontrolled term ქალთა საკითხები
653 ## - INDEX TERM--UNCONTROLLED
Uncontrolled term ქალთა მდგომარეობა
700 ## - ADDED ENTRY--PERSONAL NAME
Personal name ბექიშვილი, ნინო
Relator term რედაქტორი
9 (RLIN) 14052
942 ## - ADDED ENTRY ELEMENTS (KOHA)
Koha item type წიგნი
Source of classification or shelving scheme
ეგზემპლარები
ჩამოწერის სტატუსი დაკარგული ეგზემპლარის სტატუსი კლასიფიკაციის წყარო ან თაროზე გაწყობის სქემა დაზიანების სტატუსი არ გაიცემა მუდმივი მდებარეობა (დაცვის ადგილი) ამჟამინდელი ადგილსამყოფელი თაროზე განთავსების ადგილი შეძენის თარიღი ღირებულება, შესყიდვის ნორმალური ფასი სრული შენახვის შიფრი შტრიხკოდი ბოლო ოპერაციის თარიღი ეგზემპლარის მიმდევრობითი ნომერი (კეტერი?) ფასის ძალაში შესვლის თარიღი ეგზემპლარის სახეობა საჯარო შენიშვნა
          ბათუმის შოთა რუსთაველის სახელმწიფო უნივერსიტეტის მთავარი ბიბლიოთეკა ბათუმის შოთა რუსთაველის სახელმწიფო უნივერსიტეტის მთავარი ბიბლიოთეკა წიგნსაცავი 2018-12-17 5.00 141.72(479.22)+342.726+396(479.22) მ-53 58080 2018-12-17 58080 2018-12-17 წიგნი 5.00 ₾.